| 000 | 00403nam a2200121Ia 4500 | ||
|---|---|---|---|
| 008 | 220620s9999||||xx |||||||||||||| ||und|| | ||
| 020 | _a9781840000000 | ||
| 245 | 0 |
_aPhotophysics, Photochemical and Substitution Reactions _bRecent Advances |
|
| 546 | _aEnglish[eng] | ||
| 700 | _aSaha, Satyen||Kumar Kanaparthi, Ravi||Soldatovi?, Tanja V. | ||
| 856 | _uhttps://www.intechopen.com/books/8085 | ||
| 942 | _cEB | ||
| 999 |
_c34780 _d34780 |
||